00375nam a2200157Ia 4500008004100000020001500041041000800056082001700064100001500081245002300096260004000119300001400159440000700173650002200180700001500202210716s2004 xx 000 0 und d a8178810522 aeng a658.152 SATD aSatish, D. aCorporate finance. aIndiabICFAI University Pressc2004 ax,202,A14 vII aCorporate Finance aSatish, D.